145 Marques Automobiles - Statistiques

Statistiques générales
  • Ce quiz a été pris 448 fois
  • Le résultat moyen est 42 sur 145
Statistiques - réponses
Marques % Correct
Renault
92%
Ferrari
90%
Peugeot
90%
BMW
89%
Audi
88%
Citroën
86%
Lamborghini
86%
Ford
82%
Porsche
80%
Toyota
79%
Fiat
77%
Bugatti
76%
Mercedes-Benz
75%
Volkswagen
74%
Aston Martin
73%
Chevrolet
73%
Alpine
69%
Honda
69%
Hyundai
68%
Nissan
68%
Dacia
65%
Seat
64%
Bentley
63%
Opel
63%
Volvo
62%
Alfa Romeo
60%
Tesla
60%
McLaren
59%
Jaguar
58%
Kia
58%
Mini
58%
Mitsubishi
58%
Suzuki
58%
Rolls Royce
57%
Dodge
56%
Maserati
55%
Cadillac
54%
Škoda
54%
Land Rover
52%
Lexus
47%
DS
46%
Jeep
46%
Lancia
46%
Mazda
46%
Subaru
46%
Koenigsegg
45%
Pagani
44%
Abarth
43%
Chrysler
43%
Cupra
41%
Lada
41%
Lotus
41%
Corvette
39%
Smart
39%
MG
36%
BYD
34%
Pontiac
33%
Saab
32%
Infiniti
29%
Ram
28%
Tata
27%
KTM
25%
Shelby
25%
Acura
24%
Brabus
24%
Hummer
21%
Buick
20%
Maybach
20%
Ligier
19%
Lincoln
18%
Venturi
18%
Daewoo
17%
Datsun
17%
De Tomaso
17%
Vauxhall
17%
Rimac
16%
Isuzu
15%
Morgan
14%
Zenvo
14%
Ariel
13%
Caterham
13%
Daihatsu
13%
Genesis
13%
Iveco
13%
Triumph
13%
Daimler
12%
Ssangyong
12%
Matra
11%
Pininfarina
11%
TVR
11%
Polestar
10%
Oldsmobile
9%
Plymouth
9%
AMC
8%
Hennessey
8%
Saleen
8%
Autobianchi
7%
DMC
7%
Donkervoort
6%
Holden
6%
Mercury
6%
Ultima
6%
Bertone
5%
Dallara
5%
Eagle
5%
Saturn
5%
Spyker
5%
Delage
4%
Radical
4%
Scion
4%
Aiways
3%
BAC
3%
Gillet
3%
Ginetta
3%
Ineos
3%
Mega
3%
Nio
3%
SSC
3%
Auto Union
2%
Bolloré
2%
Cizeta
2%
GAZ
2%
Hommell
2%
Italdesign
2%
Lucid
2%
Marcos
2%
W Motors
2%
AC Cars
1%
BAIC
1%
BAW
1%
Callaway
1%
Chaparral
1%
Lister
1%
Mosler
1%
Panoz
1%
Tommy Kaira
1%
UAZ
1%
DeVinci
0%
Dome
0%
FPV
0%
Jensen Motors
0%
Proto Motors
0%
SCG
0%
UralAZ
0%
Xiaomi Motors
0%
Aucun quiz correspondant
Distribution des résultats
% des personnes avec chaque résultat
Percentile par nombre de réponses
Votre historique - résultats
Vous n’avez pas pris ce quiz